Calculus : (Record no. 217989)
[ view plain ]
| 000 -LEADER | |
|---|---|
| fixed length control field | 00986 a2200205 4500 |
| 003 - CONTROL NUMBER IDENTIFIER | |
| control field | NUST |
| 005 - DATE AND TIME OF LATEST TRANSACTION | |
| control field | 20221117165209.0 |
| 010 ## - LIBRARY OF CONGRESS CONTROL NUMBER | |
| LC control number | 2009281371 |
| 020 ## - INTERNATIONAL STANDARD BOOK NUMBER | |
| International Standard Book Number | 0763734268 |
| 020 ## - INTERNATIONAL STANDARD BOOK NUMBER | |
| International Standard Book Number | 9780763734268 |
| 040 ## - CATALOGING SOURCE | |
| Transcribing agency | Nust |
| 082 ## - DEWEY DECIMAL CLASSIFICATION NUMBER | |
| Classification number | 515,OCO |
| 100 1# - MAIN ENTRY--PERSONAL NAME | |
| Personal name | O'Connor, Kevin M. |
| 9 (RLIN) | 61892 |
| 245 10 - TITLE STATEMENT | |
| Title | Calculus : |
| Remainder of title | labs for Matlab / |
| Statement of responsibility, etc. | Kevin M. O'Connor. |
| 260 ## - PUBLICATION, DISTRIBUTION, ETC. | |
| Place of publication, distribution, etc. | Sudbury, Mass. : |
| Name of publisher, distributor, etc. | Jones and Bartlett, |
| Date of publication, distribution, etc. | 2005. |
| 300 ## - PHYSICAL DESCRIPTION | |
| Extent | 121 p. : |
| Other physical details | ill. ; |
| Dimensions | 23 cm. |
| 505 0# - FORMATTED CONTENTS NOTE | |
| Formatted contents note | Introducing the "words" in MATLAB (Page-1), Introducing the "pictures" in MATLAB (Page-19),Approximating derivatives and integrals (Page-32), Exact derivatives and integrals (Page-43),The theoretical basis (Page-54), Calculus applications (Page-61), Techniques of integration (Page-71), Polynomial approximations (Page-80), Infinite series (Page-90),- The third dimension (Page-99), Polar, cylindrical, and spherical coordinates (Page-112). |
| 650 #0 - SUBJECT ADDED ENTRY--TOPICAL TERM | |
| Topical term or geographic name entry element | Calculus |
| General subdivision | Data processsing. |
| 9 (RLIN) | 102959 |
| 942 ## - ADDED ENTRY ELEMENTS (KOHA) | |
| Source of classification or shelving scheme | |
| Koha item type | Book |
| Call number prefix | 515,OCO |
| Withdrawn status | Lost status | Source of classification or shelving scheme | Damaged status | Not for loan | Permanent Location | Current Location | Shelving location | Date acquired | Full call number | Barcode | Date last seen | Price effective from | Koha item type | Public note |
|---|---|---|---|---|---|---|---|---|---|---|---|---|---|---|
| Military College of Signals (MCS) | Military College of Signals (MCS) | General Stacks | 12/12/2016 | 515,OCO | MCS31774 | 12/08/2016 | 12/12/2016 | Book | Almirah No.13, Shelf No.1 |
